02144nam a2200277 i 450000100060000000300090000600500170001500700030003200800410003501700510007602000150012704000130014208000230015510000500017824500430022826000700027130000290034149000470037052012130041761000260163065000210165665500310167771000710170883000470177985200400182617830ES-MaACL20250417063053.0t|010531s1999 sp ||||1| spa d aM 44478-1999 bOficina Depósito Legal Madrid a8475228011 cES-MaACL a640.442(460.27 M.)1 aGómez de la Serna, Ramón,d1888-1963eaut10aPombo / cRamón Gómez de la Serna. aMadrid : bConsejería de Educación : bVisor Libros,c[1999] a442 páginas ; c22 cm.1 aLetras madrileñas contemporáneas ; v1 a Visor inicia con los Pombos de Gómez de la Serna una colección de letras madrileñas contemporáneas. En 1912 Ramón Gómez de la Serna instituyó una tertulia literaria, los sábados por la noche, en el café botillería de Pombo, en la calle de Carretas, en un costado de lo que fue Correos y después Dirección General de Seguridad. Tras la guerra etiquetaron al café y el edificio que lo albergaba, y lo tiraron, para encastrar en su lugar, no como solía ser corriente, una sucursal bancaria, sino para dejarlo vacío. Desde que empezó hasta que tuvo que suspenderse, cuando la guerra, la tertulia funcionó siempre, incluso en las ausencias de su fundador, que aprovechaba sus viajes para enviarles cartas y soplar sobre los rescoldos, con el fin de no encontrarse a su vuelta el hogar pombiano apagado y frío. Gómez de la Serna comprendió muy pronto que en el escalafón literario español de la época era importante abrir una tertulia y situarse a la cabeza, como quien es jefe de una tribu o funda un partido político. Tertulias célebres antes de la de Pombo hubo muchas en Madrid. Podemos considerar este libro como un diario, el diario de a bordo de esa nave.24aCafé Pombo (Madrid) 7aCafés-zMadrid 72tgfbneaRelatos personales1 aMadrid (Comunidad Autónoma). bConsejería de Educación.eedt0 aLetras madrileñas contemporáneas ; v1 aES-MaACLbR.129964cDEPO2jL-24700